<?xml version="1.0" encoding="UTF-8"?>
<record
    xmlns:xsi="http://www.w3.org/2001/XMLSchema-instance"
    xsi:schemaLocation="http://www.loc.gov/MARC21/slim http://www.loc.gov/standards/marcxml/schema/MARC21slim.xsd"
    xmlns="http://www.loc.gov/MARC21/slim">

  <leader>01211nam a22002654a 4500</leader>
  <controlfield tag="001">UTEA</controlfield>
  <controlfield tag="005">20250910123920.0</controlfield>
  <controlfield tag="006">g||||gr||||||01 nz</controlfield>
  <controlfield tag="007">ta</controlfield>
  <controlfield tag="008">250908b        pe ||||| |||| 00| 0 spa d</controlfield>
  <datafield tag="020" ind1=" " ind2=" ">
    <subfield code="a">9788415274841</subfield>
  </datafield>
  <datafield tag="040" ind1=" " ind2=" ">
    <subfield code="a">UTEA</subfield>
  </datafield>
  <datafield tag="041" ind1=" " ind2=" ">
    <subfield code="a">spa</subfield>
  </datafield>
  <datafield tag="082" ind1=" " ind2=" ">
    <subfield code="a">370.15</subfield>
    <subfield code="b">B45 2011</subfield>
  </datafield>
  <datafield tag="100" ind1=" " ind2=" ">
    <subfield code="a">Bergua Amores, Jos&#xE9; &#xC1;ngel</subfield>
    <subfield code="e">Autor</subfield>
  </datafield>
  <datafield tag="245" ind1=" " ind2=" ">
    <subfield code="a">Estilos de la investigaci&#xF3;n social : </subfield>
    <subfield code="b">t&#xE9;cnicas, epistemolog&#xED;a, algo de anarqu&#xED;a y una pizca de sociosof&#xED;a / </subfield>
    <subfield code="c">Jos&#xE9; Angel Bergua Amores</subfield>
    <subfield code="h">[Texto Impreso]</subfield>
  </datafield>
  <datafield tag="250" ind1=" " ind2=" ">
    <subfield code="a">1ra. edici&#xF3;n </subfield>
  </datafield>
  <datafield tag="260" ind1=" " ind2=" ">
    <subfield code="a">Espa&#xF1;a</subfield>
    <subfield code="b">Editorial Prensas Universitarias de Zaragoza</subfield>
    <subfield code="c">2011</subfield>
  </datafield>
  <datafield tag="300" ind1=" " ind2=" ">
    <subfield code="a">240 p&#xE1;ginas</subfield>
    <subfield code="c">22 cm.</subfield>
  </datafield>
  <datafield tag="505" ind1=" " ind2=" ">
    <subfield code="a">Introducci&#xF3;n -- Ciencias y reflexividad -- Isomorfismos -- Perspectivas de la investigaci&#xF3;n social -- Tipos de reflexi&#xF3;n te&#xF3;rica -- Frases de la investigaci&#xF3;n social -- Estilo de la investigaci&#xF3;n social -- Estilo estructural -- Estilo contextual -- Estilo dial&#xE9;ctico -- M&#xE1;s all&#xE1; de la investigaci&#xF3;n social -- Exoducci&#xF3;n. </subfield>
  </datafield>
  <datafield tag="650" ind1=" " ind2=" ">
    <subfield code="a">REFLEXIVIDAD</subfield>
    <subfield code="9">59222</subfield>
  </datafield>
  <datafield tag="650" ind1=" " ind2=" ">
    <subfield code="a">ESTILO ESTRUCTURAL</subfield>
    <subfield code="9">59223</subfield>
  </datafield>
  <datafield tag="650" ind1=" " ind2=" ">
    <subfield code="a">ESTILO DIAL&#xC9;CTICO</subfield>
    <subfield code="9">59224</subfield>
  </datafield>
  <datafield tag="942" ind1=" " ind2=" ">
    <subfield code="2">ddc</subfield>
    <subfield code="c">BK</subfield>
    <subfield code="e">2025-09-08</subfield>
    <subfield code="z">Mag. Cecilio Flores Noa</subfield>
  </datafield>
  <datafield tag="952" ind1=" " ind2=" ">
    <subfield code="0">0</subfield>
    <subfield code="1">0</subfield>
    <subfield code="2">ddc</subfield>
    <subfield code="4">0</subfield>
    <subfield code="7">0</subfield>
    <subfield code="8">EPDF2</subfield>
    <subfield code="a">BAND</subfield>
    <subfield code="b">BAND</subfield>
    <subfield code="d">2025-09-08</subfield>
    <subfield code="e">CP</subfield>
    <subfield code="o">370.15 B45 2011</subfield>
    <subfield code="p">BAND25090078</subfield>
    <subfield code="w">2025-09-08</subfield>
    <subfield code="y">BK</subfield>
    <subfield code="k"></subfield>
  </datafield>
  <datafield tag="952" ind1=" " ind2=" ">
    <subfield code="0">0</subfield>
    <subfield code="1">0</subfield>
    <subfield code="2">ddc</subfield>
    <subfield code="4">0</subfield>
    <subfield code="7">0</subfield>
    <subfield code="8">EPDF2</subfield>
    <subfield code="a">BABA</subfield>
    <subfield code="b">BABA</subfield>
    <subfield code="c">SALA2</subfield>
    <subfield code="d">2025-09-10</subfield>
    <subfield code="e">CP</subfield>
    <subfield code="o">370.15 B45 2011</subfield>
    <subfield code="p">BABA25090141</subfield>
    <subfield code="w">2025-09-10</subfield>
    <subfield code="y">BK</subfield>
    <subfield code="k"></subfield>
  </datafield>
  <datafield tag="952" ind1=" " ind2=" ">
    <subfield code="0">0</subfield>
    <subfield code="1">0</subfield>
    <subfield code="2">ddc</subfield>
    <subfield code="4">0</subfield>
    <subfield code="7">0</subfield>
    <subfield code="8">EPDF2</subfield>
    <subfield code="a">BCUS</subfield>
    <subfield code="b">BCUS</subfield>
    <subfield code="c">Biblioteca Grau</subfield>
    <subfield code="d">2025-09-10</subfield>
    <subfield code="e">CP</subfield>
    <subfield code="o">370.15 B45 2011</subfield>
    <subfield code="p">BCUS25090161</subfield>
    <subfield code="w">2025-09-10</subfield>
    <subfield code="y">BK</subfield>
    <subfield code="k"></subfield>
  </datafield>
  <datafield tag="999" ind1=" " ind2=" ">
    <subfield code="c">17232</subfield>
    <subfield code="d">17232</subfield>
  </datafield>
</record>
